<The> Economic journal <the> quarterly journal of the Royal Economic Society

Salvato in:
Dettagli Bibliografici
Natura: Periodico
Lingua:inglese
Pubblicazione: London Royal Economic Society 1983
Tags: Aggiungi Tag
Nessun Tag, puoi essere il primo ad aggiungerne!!

MARC

LEADER 00000nas2a2200000 4500
001 s111789
005 20250730114204.0
041 0 |a eng 
044 |a GB 
245 1 0 |a <The> Economic journal  |b <the> quarterly journal of the Royal Economic Society 
264 1 |a London  |b Royal Economic Society  |c 1983 
300 |a 1 zv. 
773 0 |w eu_un_cat*s120145